Một số vấn đề về lịch sử thế giới Bồi dưỡng thường xuyên giáo viên
v.v...
Đã lưu trong:
| Tác giả chính: | |
|---|---|
| Định dạng: | Sách |
| Năm xuất bản: |
H.
Giáo dục
1995
|
| Chủ đề: | |
| Tags: |
Thêm thẻ
Không có thẻ, Hãy là người đầu tiên gắn thẻ bản ghi này!
|
| LEADER | 00881nam a2200181 4500 | ||
|---|---|---|---|
| 082 | |a 909 |b M458s | ||
| 100 | |a Đỗ Thanh Bình | ||
| 245 | |a Một số vấn đề về lịch sử thế giới |c Đỗ Thanh Bình chủ biên,Lại Bích Ngọc, Vũ Ngọc Oanh |b Bồi dưỡng thường xuyên giáo viên | ||
| 260 | |a H. |c 1995 |b Giáo dục | ||
| 300 | |a 252 tr. |c 20cm | ||
| 520 | |a v.v... | ||
| 653 | |a Lịch sử | ||
| 653 | |a Thế giới | ||
| 653 | |a Sách giáo viên | ||
| 942 | |2 ddc |c SH | ||
| 999 | |c 3622 |d 3622 | ||
| 952 | |0 0 |1 0 |2 ddc |4 0 |6 909_000000000000000_M458S |7 0 |8 900 |9 37383 |a qbu |b qbu |c D5 |d 2014-12-16 |g 50000 |o 909 M458S |p 4357.c1 |r 2018-10-23 |w 2014-12-16 |y SH |0 0 |6 909_000000000000000_M458S | ||
| 952 | |0 0 |1 0 |2 ddc |4 0 |6 909_000000000000000_M458S |7 0 |8 900 |9 107907 |a qbu |b qbu |c D5 |d 2016-09-30 |g 50000 |l 7 |o 909 M458S |p 4357.c2 |r 2019-11-18 |s 2019-10-22 |w 2016-09-30 |y SH |0 0 |6 909_000000000000000_M458S | ||